Profesorado y reforma : ¿un cambio en las prácticas de los docentes? /

Guardado en:
Detalles Bibliográficos
Autor principal: Rivas Flores, José Ignacio (autor)
Formato: Libro
Idioma:Español
Publicado: Málaga, España : Aljibe, 2000, c2000
Colección:(Pedagogía Aljibe)
Temas:
Etiquetas: Agrega una etiqueta
Sin etiquetas, Sé el primero en etiquetar este registro!

MARC

LEADER 00000nam^a2200000^a^4500
001 000187876
005 20250521000000.0
009 20260310102317.612
020 |a 84-95212-74-9 
037 |a Acervo ITESO - Biblioteca 
041 |a ESP 
082 |a 379. 46  |b RIV 
100 |a Rivas Flores, José Ignacio  |e (autor) 
245 1 0 |a Profesorado y reforma :  |b ¿un cambio en las prácticas de los docentes? /  |c Coord. de J.I. Rivas Flores. 
264 4 |a Málaga, España :  |b Aljibe,  |c 2000, c2000 
300 |a 198 p. 
336 |a texto  |b txt  |2 rdacontenido 
337 |a sin mediación  |b n  |2 rdamedio 
338 |a volumen  |b nc  |2 rdasoporte 
440 1 |a (Pedagogía Aljibe) 
649 |a XX 
650 |a Profesores -  |x Condiciones Laborales 
650 |a Axiología de la Educación 
650 |a Diversidad Cultural 
650 |a Práctica Educativa 
650 |a Formación y Capacitación de Profesores 
650 |a Proceso Educativo 
650 |a Formación y Capacitación Laboral 
650 |a Desarrollo Profesional 
650 |a Reforma Educativa 
650 |a Política Educativa 
650 |a Educación y Estado 
650 |a Educación y Política 
650 |a Sistema Escolar 
650 |a Educación Intercultural 
650 |a Educación Media Básica 
910 |a Fondo General 
920 |a Impresos - Libros 
930 |a Colección General 
905 |a 101 
901 |a 0500129947  |b IT1  |c ACC  |u 20250521 
902 |a https://opac.biblio.iteso.mx/vufind/Record/000187876